Stone Federation Great Britain (Record no. 120928)
[ view plain ]
| 000 -LEADER | |
|---|---|
| fixed length control field | 00912cai a22001815a 4500 |
| 001 - CONTROL NUMBER | |
| control field | L153758 |
| 008 - FIXED-LENGTH DATA ELEMENTS--GENERAL INFORMATION | |
| fixed length control field | 110825u2011 xxu g 000 0 eng d |
| 035 ## - SYSTEM CONTROL NUMBER | |
| System control number | (Sirsi) u153758 |
| 041 0# - LANGUAGE CODE | |
| Language code of text/sound track or separate title | eng |
| 110 2# - MAIN ENTRY--CORPORATE NAME | |
| Corporate name or jurisdiction name as entry element | Stone Federation Great Britain |
| 9 (RLIN) | 3498 |
| 245 00 - TITLE STATEMENT | |
| Title | Stone Federation Great Britain |
| Medium | [electronic resource] |
| 520 ## - SUMMARY, ETC. | |
| Summary, etc. | Website for the Stone Federation Great Britain, the official trade association for the natural stone industry. The Federation co-ordinates all aspects of the industry and provides specifiers and users with a first point of contact for information, advice and guidance in sourcing an appropriate material and a reliable service. |
| 590 ## - LOCAL NOTE (RLIN) | |
| Local note | KA |
| 651 #4 - SUBJECT ADDED ENTRY--GEOGRAPHIC NAME | |
| Geographic name | United Kingdom |
| Chronological subdivision | |
| 690 ## - LOCAL SUBJECT ADDED ENTRY--TOPICAL TERM (OCLC, RLIN) | |
| Topical term or geographic name as entry element | BUILT ENVIRONMENT-BUILDING MATERIALS-STONE |
| 856 40 - ELECTRONIC LOCATION AND ACCESS | |
| Uniform Resource Identifier | <a href="https://www.stone-federationgb.org.uk/default.aspx">https://www.stone-federationgb.org.uk/default.aspx</a> |
| Public note | View the website free of charge at www.stone-federationgb.org.uk |
| 942 ## - ADDED ENTRY ELEMENTS (KOHA) | |
| Suppress in OPAC | 0 |
| Withdrawn status | Lost status | Source of classification or shelving scheme | Damaged status | Not for loan | Home library | Current library | Shelving location | Date acquired | Total Checkouts | Full call number | Barcode | Date last seen | Copy number | Price effective from | Koha item type |
|---|---|---|---|---|---|---|---|---|---|---|---|---|---|---|---|
| Dewey Decimal Classification | Virtual | Virtual | Online | 25/08/2011 | WEB-SITE | 153758-2001 | 06/08/2019 | 1 | 06/08/2019 | Online material |